000 00730nam a2200241 i 4500
003 DO-SdBNP
005 20240503073632.0
007 ta
008 230329b1996 sp a|||| |||| 00| 0 spa d
020 _a9788430570287
040 _aDO-SdBNP
_bspa
_cBNPHU
_erda
082 4 _a863.3
_bC419don 2002
_222
100 1 _aCervantes Saavedra, Miguel de,
_d1547-1616
_c1547-1616.
_93070
245 1 0 _aDon Quijote de la Mancha /
_cMiguel de Cervantes Saavedra
264 _aMadrid :
_bSusaeta,
_c1996.
300 _a205 páginas ;
_c19 cm.
336 _2rdacontent
_atexto
_btxt
337 _2rdamedia
_asin mediación
_bn
338 _2rdacarrier
_avolumen
_bnc
590 _aInventariado, 2023/BT
910 _aBtavárez
942 _2ddc
_cLBS1
999 _c53191
_d53191